000 00475nam a2200169 a 4500
005 20140412111229.0
008 020417s19uu xx 00 eng d
020 _a0-340-37389-X
050 _aM 741.5
_bGo676 1969
100 _aGoscinny
245 _aAsterix the gaul. /
_ctext by Goscinny; drawings by Uderzo.
260 _aLondon :
_bHodder Dargaud Ltd,
_c1969.
300 _a48 p. ; ill.
440 _aAsterix
650 _aChildren stories
_xFiction
999 _c102115
_d102115